00564pam a2200181 a 4500020000500000040002500005041001300030082001600043100001500059245007300074260002900147300001800176365001100194653003400205930000900239999001500248952011900263 c aMedical College Lib. aENGhENG a618.05bSTU aStudd, J.. aProgress In Obstetrics And Gynaecology Vol 9 / chTextual Documents a : bChurchill , c1991. a820-1632 ; c a479=00 aObst & GynacaMedical Science a4056 c4055d4055 00104070aMCPbMCPd1991-10-12eS. K. KOTHARIl0o618.05 STUpMCP-1490r2023-02-06 00:00:00t1w2023-02-06yBK